000 00760nam a2200265Ia 4500
003 OSt
005 20221005030631.0
006 a|||||r|||| 00| 0
007 ta
008 221004b |||||||| |||| 00| 0 eng d
020 _a0521804752
024 _a72877
037 _cTextual
040 _aCRL
_cCRL
_beng
041 _2eng
_aeng
082 _aO111,2J64:g(S5), P1
100 _aAlexander Catherine M.S Ed.
245 0 _aShakespeare and sexuality
260 _aCambridge
_bCambridge University Press UK
_c2001
300 _a207p
_ccm.
650 _aENGLISH LITERATURE
700 _a Wells Stanley Ed.
942 _hO111,2J64:g(S5), P1
_cTEXL
_2cc
999 _c936527
_d936527